[Event "Wch Juvenil 2010 sub18"]
[Site "Porto Carras GRE"]
[Date "2010.10.24"]
[Round "5.5"]
[White "Mammadov, Ayaz Arzu"]
[Black "Durarbeyli, Vasif"]
[Result "1/2-1/2"]
[WhiteElo "2358"]
[BlackElo "2495"]
[PlyCount "68"]
[EventDate "2010.10.20"]
[EventType "swiss"]
[EventRounds "11"]
[EventCountry "GRE"]
[Source "lmi"]
[SourceDate "2010.10.20"]

1. d4 Nf6 2. Nf3 g6 3. Bg5 Ne4 4. Bf4 d6 5. Nbd2 Nf6 6. e4 Bg7 7. Be2 O-O 8.
O-O Nh5 9. Bg3 Nxg3 10. hxg3 Nd7 11. c3 e5 12. dxe5 dxe5 13. Bc4 Kh8 14. Qe2
Qe7 15. Rad1 a5 16. Rfe1 a4 17. a3 Nc5 18. Qe3 Bg4 19. Nf1 Ra5 20. N1h2 Bd7 21.
Bd5 Rb5 22. Re2 Rb6 23. Red2 h6 24. Ne1 Bb5 25. Nc2 Kh7 26. Nf3 Ra6 27. Ba2
Raa8 28. Rd5 b6 29. Nb4 Rae8 30. R5d2 f5 31. Nd5 Qd6 32. Nb4 Qe7 33. Nd5 Qd6
34. Nb4 Qe7 1/2-1/2

[Event "Wch Juvenil 2010 sub18"]
[Site "Porto Carras GRE"]
[Date "2010.10.24"]
[Round "5.7"]
[White "Klein, David"]
[Black "Yilmaz, Mustafa"]
[Result "1/2-1/2"]
[WhiteElo "2299"]
[BlackElo "2482"]
[PlyCount "117"]
[EventDate "2010.10.20"]
[EventType "swiss"]
[EventRounds "11"]
[EventCountry "GRE"]
[Source "lmi"]
[SourceDate "2010.10.20"]

1. e4 c5 2. Nf3 d6 3. d4 cxd4 4. Nxd4 Nf6 5. Nc3 a6 6. Bg5 Nbd7 7. Bc4 Qa5 8.
Qd2 e6 9. Bb3 b5 10. f3 Bb7 11. O-O-O O-O-O 12. Kb1 Nc5 13. Bh4 Qc7 14. a4 bxa4
15. Nxa4 Be7 16. Qb4 Kb8 17. Rhe1 Ka8 18. Nb6+ Ka7 19. Nc4 d5 20. Qa5 Qxa5 21.
Nxa5 Kb6 22. Nxb7 Kxb7 23. exd5 Nxb3 24. Nxb3 Nxd5 25. Bxe7 Nxe7 26. Nc5+ Kc6
27. Nd3 Kc7 28. Ne5 f6 29. Nd3 e5 30. f4 Ng6 31. fxe5 Nxe5 32. Nxe5 Rxd1+ 33.
Rxd1 fxe5 34. Rf1 Kd6 35. Rf7 Rg8 36. Kc1 Ke6 37. Ra7 Rf8 38. Rxg7 Rf2 39. h4
e4 40. Kd1 Ke5 41. Rxh7 Rxg2 42. Rh6 Kf4 43. Rxa6 Ke3 44. c4 Rxb2 45. h5 Rd2+
46. Ke1 Rh2 47. Ra3+ Kd4 48. c5 Rxh5 49. c6 Rc5 50. c7 Rxc7 51. Ke2 Rc2+ 52.
Ke1 Ke5 53. Rb3 Kf4 54. Ra3 Rb2 55. Rh3 Rb1+ 56. Ke2 Ra1 57. Rb3 Ra2+ 58. Ke1
e3 59. Rb8 1/2-1/2

[Event "Wch Juvenil 2010 sub18"]
[Site "Porto Carras GRE"]
[Date "2010.10.24"]
[Round "5.8"]
[White "Nuri, Kambez"]
[Black "Baron, Tal"]
[Result "1/2-1/2"]
[WhiteElo "2280"]
[BlackElo "2455"]
[PlyCount "113"]
[EventDate "2010.10.20"]
[EventType "swiss"]
[EventRounds "11"]
[EventCountry "GRE"]
[Source "lmi"]
[SourceDate "2010.10.20"]

1. e4 c5 2. Nc3 Nc6 3. f4 g6 4. Nf3 Bg7 5. Bb5 Nd4 6. O-O a6 7. Bc4 e6 8. d3
Ne7 9. Nxd4 cxd4 10. Ne2 d5 11. Bb3 O-O 12. c3 dxc3 13. bxc3 dxe4 14. dxe4 b5
15. Qxd8 Rxd8 16. Ba3 Nc6 17. Rad1 Bb7 18. Bc5 Na5 19. e5 Be4 20. Rxd8+ Rxd8
21. Bb6 Rd2 22. Bxa5 Rxe2 23. Rf2 Re1+ 24. Rf1 Rxf1+ 25. Kxf1 g5 26. fxg5 Bxe5
27. g3 Kg7 28. Kf2 Kg6 29. h4 Kf5 30. Bd1 Bb8 31. Bb6 Bd5 32. g4+ Ke4 33. Bc2+
Kf4 34. Bxh7 Kxg4 35. Bg8 Bg3+ 36. Ke3 Bxh4 37. Bxf7 Bxg5+ 38. Kd4 Bf6+ 39. Kc5
Bxc3 40. a3 Kf5 41. Bc7 Kf6 42. Bh5 Ke7 43. Be2 Kd7 44. Bg3 Ba5 45. a4 bxa4 46.
Bxa6 a3 47. Bb5+ Ke7 48. Be5 a2 49. Bc4 Bb6+ 50. Kxb6 Bxc4 51. Kc5 Bd5 52. Kb4
Kf7 53. Ka3 Kg6 54. Kb2 Kf5 55. Bb8 e5 56. Bxe5 Kxe5 57. Ka1 1/2-1/2

[Event "Wch Juvenil 2010 sub18"]
[Site "Porto Carras GRE"]
[Date "2010.10.24"]
[Round "5.9"]
[White "Arribas Lopez, Angel"]
[Black "Tomazini, Aljosa"]
[Result "1-0"]
[WhiteElo "2454"]
[BlackElo "2255"]
[PlyCount "67"]
[EventDate "2010.10.20"]
[EventType "swiss"]
[EventRounds "11"]
[EventCountry "GRE"]
[Source "lmi"]
[SourceDate "2010.10.20"]

1. d4 d6 2. Nf3 Nf6 3. c4 g6 4. Nc3 Bg7 5. e4 O-O 6. Be2 e5 7. O-O Na6 8. Be3
Ng4 9. Bg5 Qe8 10. dxe5 dxe5 11. h3 f6 12. Bd2 Nh6 13. Qb3 Nf7 14. Qa3 c5 15.
Be3 Qc6 16. Nd5 Kh8 17. Bd1 b6 18. Ba4 Qb7 19. Rfd1 f5 20. Rac1 f4 21. Bd2 g5
22. Nh2 h5 23. Qf3 g4 24. hxg4 hxg4 25. Nxg4 Ng5 26. Qe2 Qf7 27. Nh2 Qg6 28.
Ne7 Qf7 29. Bc6 Qxe7 30. Qh5+ Nh7 31. Bxa8 Nc7 32. Bd5 Ne8 33. Nf3 Nef6 34.
Nxe5 1-0

[Event "Wch Juvenil 2010 sub18"]
[Site "Porto Carras GRE"]
[Date "2010.10.24"]
[Round "5.11"]
[White "Idani, Pouya"]
[Black "Iljiushenok, Ilia"]
[Result "1/2-1/2"]
[WhiteElo "2278"]
[BlackElo "2412"]
[PlyCount "101"]
[EventDate "2010.10.20"]
[EventType "swiss"]
[EventRounds "11"]
[EventCountry "GRE"]
[Source "lmi"]
[SourceDate "2010.10.20"]

1. e4 c5 2. Nf3 g6 3. d4 Bg7 4. c4 cxd4 5. Nxd4 Nc6 6. Be3 Nf6 7. Nc3 O-O 8.
Be2 d6 9. O-O Nxd4 10. Bxd4 Bd7 11. Qd2 Bc6 12. f3 a5 13. b3 Nd7 14. Be3 Nc5
15. Rab1 Qb6 16. Rfc1 Qb4 17. Qb2 Qb6 18. Rc2 Rfc8 19. Qc1 Qd8 20. Bf1 h5 21.
Qd2 Kh7 22. Rd1 Qf8 23. Nd5 Bxd5 24. exd5 Bf6 25. Re1 Qg7 26. g3 b6 27. f4 Rc7
28. Qd1 Rb7 29. Qf3 Kh8 30. Kg2 Na6 31. a4 Nc5 32. Bc1 Re8 33. f5 Nd7 34. fxg6
fxg6 35. Re6 Rf8 36. Re1 Be5 37. Qe3 Kh7 38. Bd3 Nc5 39. Rd1 Rbb8 40. Re2 Rf6
41. Qg5 Nxd3 42. Rxd3 Rbf8 43. Be3 Rf5 44. Qh4 Qf7 45. Rdd2 Rf3 46. Rf2 Bc3 47.
Qe4 Bxd2 48. Rxf3 Qxf3+ 49. Qxf3 Rxf3 50. Kxf3 Bxe3 51. Kxe3 1/2-1/2

[Event "Wch Juvenil 2010 sub18"]
[Site "Porto Carras GRE"]
[Date "2010.10.24"]
[Round "5.13"]
[White "Pourramezanali, Amirreza"]
[Black "Shimanov, Aleksandr"]
[Result "0-1"]
[WhiteElo "2342"]
[BlackElo "2512"]
[PlyCount "140"]
[EventDate "2010.10.20"]
[EventType "swiss"]
[EventRounds "11"]
[EventCountry "GRE"]
[Source "lmi"]
[SourceDate "2010.10.20"]

1. e4 c6 2. d4 d5 3. Nc3 dxe4 4. Nxe4 Nd7 5. Nf3 Ngf6 6. Neg5 e6 7. Bd3 Bd6 8.
Qe2 h6 9. Ne4 Nxe4 10. Bxe4 Qc7 11. Bd2 b6 12. O-O Bb7 13. c4 Nf6 14. Bc2 c5
15. Ba4+ Kf8 16. h3 Rd8 17. dxc5 Qxc5 18. Be3 Bxf3 19. Qxf3 Qxc4 20. Bc6 Ke7
21. Rfc1 Qb4 22. b3 Qa5 23. Rc4 Qh5 24. Qxh5 Nxh5 25. a4 Be5 26. Re1 Bb8 27. a5
bxa5 28. Rc5 Nf4 29. Rxa5 Ne2+ 30. Kf1 Nd4 31. Ba4 Kf6 32. Rc1 Rd6 33. Rd1 Nf5
34. Rxd6 Nxe3+ 35. fxe3 Bxd6 36. Rxa7 Bc5 37. Rb7 Bxe3 38. Ke2 Bg1 39. b4 Ra8
40. Bc6 Ra2+ 41. Kd3 g5 42. b5 h5 43. Kc3 g4 44. Kb3 Rd2 45. Kc3 Rd8 46. Kc4
Rd4+ 47. Kc3 Rd8 48. Kb4 Kg6 49. b6 f5 50. Kb5 e5 51. Rc7 e4 52. b7 Bh2 53. Rc8
Rd2 54. Kc5 Rxg2 55. hxg4 hxg4 56. Rh8 Rc2+ 57. Kd5 Rd2+ 58. Kc4 Bg3 59. b8=Q
Bxb8 60. Rxb8 e3 61. Re8 f4 62. Rg8+ Kf5 63. Kc3 Rd6 64. Bb7 e2 65. Bc8+ Kf6
66. Re8 Rd8 67. Re6+ Kf7 68. Re4 e1=Q+ 69. Rxe1 Rxc8+ 70. Kd4 Rd8+ 0-1

[Event "Wch Juvenil 2010 sub18"]
[Site "Porto Carras GRE"]
[Date "2010.10.24"]
[Round "5.14"]
[White "Tsyhanchuk, Stanislav"]
[Black "Grandelius, Nils"]
[Result "0-1"]
[WhiteElo "2328"]
[BlackElo "2500"]
[PlyCount "86"]
[EventDate "2010.10.20"]
[EventType "swiss"]
[EventRounds "11"]
[EventCountry "GRE"]
[Source "lmi"]
[SourceDate "2010.10.20"]

1. e4 c5 2. f4 d5 3. exd5 Nf6 4. Bb5+ Nbd7 5. c4 a6 6. Ba4 b5 7. cxb5 Nxd5 8.
Nf3 g6 9. Nc3 N5b6 10. Bc2 Bg7 11. Be4 Rb8 12. a4 Nc4 13. Qe2 Nd6 14. Bc6 O-O
15. O-O axb5 16. axb5 Nf5 17. Ra7 Nf6 18. Ne5 Qb6 19. Ra4 Nd4 20. Qf2 Ng4 21.
Qh4 Nxe5 22. Nd5 Qd8 23. Nxe7+ Kh8 24. fxe5 Be6 25. d3 Ne2+ 26. Kh1 Nxc1 27.
Rxc1 Qxd3 28. Ra7 Rbd8 29. Re1 Rd4 30. Be4 Qxb5 31. Nc6 Rd2 32. Ne7 Re2 33.
Rxe2 Qxe2 34. Ra1 Qxb2 35. Rf1 Qe2 36. Kg1 Qg4 37. Qxg4 Bxg4 38. Bd5 Bxe5 39.
Rxf7 Bd4+ 40. Kf1 Rb8 41. Be4 Be6 42. Rf3 Bc4+ 43. Ke1 Re8 0-1

[Event "Wch Juvenil 2010 sub18"]
[Site "Porto Carras GRE"]
[Date "2010.10.24"]
[Round "5.15"]
[White "Koohestani, Sh"]
[Black "Sieciechowicz, Marcin"]
[Result "1-0"]
[WhiteElo "2344"]
[BlackElo "2443"]
[PlyCount "55"]
[EventDate "2010.10.20"]
[EventType "swiss"]
[EventRounds "11"]
[EventCountry "GRE"]
[Source "lmi"]
[SourceDate "2010.10.20"]

1. d4 d5 2. c4 c6 3. Nf3 Nf6 4. e3 Bf5 5. Nc3 e6 6. Nh4 Bg6 7. Nxg6 hxg6 8. Bd2
Nbd7 9. Qb3 Qc7 10. g3 Be7 11. Rc1 Nb6 12. cxd5 exd5 13. a4 a5 14. Be2 Bb4 15.
f3 Qd7 16. O-O g5 17. Bd3 Qh3 18. Rf2 g4 19. f4 Nc8 20. e4 dxe4 21. Nxe4 Bxd2
22. Nxf6+ gxf6 23. Rxd2 Nd6 24. d5 cxd5 25. Qb6 Ne4 26. Bxe4 dxe4 27. Qd6 e3
28. Re1 1-0

[Event "Wch Juvenil 2010 sub18"]
[Site "Porto Carras GRE"]
[Date "2010.10.24"]
[Round "5.16"]
[White "Terry, Renato"]
[Black "Bures, Jaroslav"]
[Result "1-0"]
[WhiteElo "2434"]
[BlackElo "2370"]
[PlyCount "99"]
[EventDate "2010.10.20"]
[EventType "swiss"]
[EventRounds "11"]
[EventCountry "GRE"]
[Source "lmi"]
[SourceDate "2010.10.20"]

1. d4 d5 2. Nf3 Nf6 3. c4 c6 4. e3 Bf5 5. Nc3 e6 6. Nh4 Bg6 7. Nxg6 hxg6 8. a3
Nbd7 9. g3 a6 10. c5 e5 11. b4 Be7 12. Bg2 e4 13. f3 exf3 14. Qxf3 Nf8 15. Ra2
Ne6 16. Rf2 Ng5 17. Qe2 Nfe4 18. Bxe4 Nxe4 19. Nxe4 dxe4 20. O-O O-O 21. Qa2
Qd5 22. Qxd5 cxd5 23. Bd2 f5 24. a4 Kf7 25. Rb1 Ke6 26. b5 Rfb8 27. a5 axb5 28.
Rxb5 Bd8 29. Be1 Kd7 30. Rfb2 Kc6 31. g4 Bc7 32. Rb6+ Bxb6 33. Rxb6+ Kd7 34.
Bg3 Rc8 35. Rxb7+ Ke8 36. Bc7 Kd7 37. Bf4+ Ke8 38. Rxg7 Rxa5 39. Rxg6 fxg4 40.
Kg2 Raa8 41. Rg5 Rd8 42. Kg3 Kd7 43. Rxd5+ Kc6 44. Rxd8 Rxd8 45. Kxg4 Kd5 46.
h4 Rg8+ 47. Bg5 Rf8 48. h5 Ke6 49. h6 Rf7 50. Bf4 1-0

[Event "Wch Juvenil 2010 sub18"]
[Site "Porto Carras GRE"]
[Date "2010.10.24"]
[Round "5.17"]
[White "Radusinovic, Lazar"]
[Black "Firat, Burak"]
[Result "1-0"]
[WhiteElo "2257"]
[BlackElo "2424"]
[PlyCount "105"]
[EventDate "2010.10.20"]
[EventType "swiss"]
[EventRounds "11"]
[EventCountry "GRE"]
[Source "lmi"]
[SourceDate "2010.10.20"]

1. d4 Nf6 2. Nf3 g6 3. g3 Bg7 4. c4 O-O 5. Bg2 c6 6. O-O d5 7. cxd5 cxd5 8. Nc3
Nc6 9. Ne5 Ng4 10. Nxc6 bxc6 11. h3 Nf6 12. Na4 Ne4 13. Be3 Qa5 14. Rc1 Bd7 15.
a3 Qb5 16. Kh2 Nd6 17. Rc5 Qb7 18. b4 Nf5 19. Qd2 Rfe8 20. Rfc1 a6 21. R5c2 Qa7
22. Nc5 Nxe3 23. Qxe3 Bf5 24. Rd2 e5 25. dxe5 Bxe5 26. Qb3 a5 27. e4 dxe4 28.
Bxe4 Bxe4 29. Nxe4 axb4 30. axb4 Rac8 31. Qf3 Qb7 32. Rc5 Re7 33. b5 f5 34. Nd6
Bxd6 35. Rxd6 Qb6 36. Rcxc6 Rxc6 37. bxc6 Re4 38. Kg2 Kg7 39. Qc3+ Kh6 40. c7
Qxd6 41. c8=Q f4 42. Qb7 Re7 43. Qbc6 Qxc6+ 44. Qxc6 fxg3 45. Qf6 Rd7 46. Kxg3
Rd3+ 47. f3 Rd5 48. Qf8+ Kh5 49. Qf7 Rg5+ 50. Kh2 Kh6 51. Qf8+ Kh5 52. Qg7 h6
53. Qd4 1-0

[Event "Wch Juvenil 2010 sub18"]
[Site "Porto Carras GRE"]
[Date "2010.10.24"]
[Round "5.18"]
[White "Dragomirescu, Robin-Alexandru"]
[Black "Lovik, Lasse Ostebo"]
[Result "1/2-1/2"]
[WhiteElo "2423"]
[BlackElo "2298"]
[PlyCount "55"]
[EventDate "2010.10.20"]
[EventType "swiss"]
[EventRounds "11"]
[EventCountry "GRE"]
[Source "lmi"]
[SourceDate "2010.10.20"]

1. e4 c6 2. d4 d5 3. Nc3 dxe4 4. Nxe4 Bf5 5. Ng3 Bg6 6. h4 h6 7. Nf3 Nd7 8. h5
Bh7 9. Bd3 Bxd3 10. Qxd3 e6 11. Bf4 Qa5+ 12. Bd2 Bb4 13. c3 Be7 14. c4 Qc7 15.
O-O-O Ngf6 16. Kb1 Rd8 17. Ne4 c5 18. Bc3 cxd4 19. Bxd4 Nc5 20. Nxf6+ Bxf6 21.
Qe3 Bxd4 22. Rxd4 O-O 23. Rhd1 b6 24. Ne5 Rxd4 25. Qxd4 Nb7 26. Qe4 Rd8 27.
Rxd8+ Qxd8 28. Kc2 1/2-1/2

[Event "Wch Juvenil 2010 sub18"]
[Site "Porto Carras GRE"]
[Date "2010.10.24"]
[Round "6.2"]
[White "Zierk, Steven C"]
[Black "Belous, Vladimir"]
[Result "1/2-1/2"]
[WhiteElo "2391"]
[BlackElo "2498"]
[PlyCount "98"]
[EventDate "2010.10.20"]
[EventType "swiss"]
[EventRounds "11"]
[EventCountry "GRE"]
[Source "lmi"]
[SourceDate "2010.10.20"]

1. e4 c5 2. Nf3 Nc6 3. d4 cxd4 4. Nxd4 e5 5. Nb5 d6 6. c4 g6 7. N1c3 a6 8. Na3
Be6 9. Be3 Bh6 10. Bxh6 Nxh6 11. Qd2 Ng4 12. Rd1 Qb6 13. Nd5 Bxd5 14. cxd5 Nd4
15. Nc4 Qd8 16. Bd3 O-O 17. O-O Rc8 18. h3 Nf6 19. f4 Nxe4 20. Qe3 b5 21. Nxe5
Nf5 22. Qxe4 dxe5 23. Qe1 e4 24. Bb1 Qb6+ 25. Rf2 Rfe8 26. Kh1 Ng3+ 27. Kh2 e3
28. Rf3 e2 29. Rdd3 Nf1+ 30. Kh1 Rc1 31. Qxc1 e1=Q 32. Rxf1 Qbf2 33. Rf3 Qxc1
34. R3xf2 Re1 35. Bd3 Qe3 36. Kg1 Rxf1+ 37. Bxf1 h5 38. h4 Kf8 39. a4 bxa4 40.
Bxa6 Ke7 41. Bb5 Qb3 42. Bc6 Qg3 43. Bxa4 Kd6 44. Be8 f6 45. f5 g5 46. hxg5
Qxg5 47. Rf3 Kxd5 48. b3 Qh4 49. Bf7+ Kc5 1/2-1/2

[Event "Wch Juvenil 2010 sub18"]
[Site "Porto Carras GRE"]
[Date "2010.10.24"]
[Round "6.3"]
[White "Sethuraman, S P."]
[Black "Mazur, Stefan"]
[Result "1/2-1/2"]
[WhiteElo "2535"]
[BlackElo "2402"]
[PlyCount "39"]
[EventDate "2010.10.20"]
[EventType "swiss"]
[EventRounds "11"]
[EventCountry "GRE"]
[Source "lmi"]
[SourceDate "2010.10.20"]

1. d4 Nf6 2. c4 g6 3. Nc3 Bg7 4. e4 d6 5. h3 O-O 6. Nf3 e5 7. d5 a5 8. g4 Na6
9. Be3 c6 10. Nd2 Nc5 11. Be2 Bd7 12. h4 a4 13. g5 Ne8 14. Bxc5 dxc5 15. Nxa4
b6 16. Nc3 f6 17. Bg4 f5 18. Be2 Nd6 19. Qb3 fxe4 20. Ncxe4 1/2-1/2

[Event "Wch Juvenil 2010 sub18"]
[Site "Porto Carras GRE"]
[Date "2010.10.24"]
[Round "6.4"]
[White "Anwesh, Upadhyaya"]
[Black "Alonso Rosell, Alvar"]
[Result "1/2-1/2"]
[WhiteElo "2420"]
[BlackElo "2485"]
[PlyCount "32"]
[EventDate "2010.10.20"]
[EventType "swiss"]
[EventRounds "11"]
[EventCountry "GRE"]
[Source "lmi"]
[SourceDate "2010.10.20"]

1. e4 c6 2. d4 d5 3. Nd2 dxe4 4. Nxe4 Bf5 5. Ng3 Bg6 6. h4 h6 7. Nf3 Nd7 8. h5
Bh7 9. Bd3 Bxd3 10. Qxd3 e6 11. Bd2 Ngf6 12. O-O-O Be7 13. Ne4 O-O 14. Kb1 c5
15. Be3 Qc7 16. dxc5 Rfd8 1/2-1/2

[Event "Wch Juvenil 2010 sub18"]
[Site "Porto Carras GRE"]
[Date "2010.10.24"]
[Round "6.5"]
[White "Espinosa Aranda, Angel"]
[Black "Arribas Lopez, Angel"]
[Result "0-1"]
[WhiteElo "2403"]
[BlackElo "2454"]
[PlyCount "132"]
[EventDate "2010.10.20"]
[EventType "swiss"]
[EventRounds "11"]
[EventCountry "GRE"]
[Source "lmi"]
[SourceDate "2010.10.20"]

1. e4 c5 2. Nf3 d6 3. d4 cxd4 4. Nxd4 Nf6 5. Nc3 e6 6. Bg5 Be7 7. Qd2 a6 8. Be2
b5 9. Bf3 Ra7 10. Be3 Rd7 11. O-O Bb7 12. a3 O-O 13. Rfe1 Nc6 14. Nxc6 Bxc6 15.
Rad1 Qb8 16. Bf4 Rc8 17. h3 Qb7 18. Nd5 Bd8 19. c3 a5 20. Qe2 Ne8 21. Qd3 b4
22. c4 bxa3 23. bxa3 Ba4 24. Rb1 Qa6 25. Nc3 Qxc4 26. Qxc4 Rxc4 27. Rec1 Bc6
28. Be2 Rc5 29. Be3 Bg5 30. f4 Bh6 31. Bxc5 dxc5 32. Rb8 Kf8 33. g3 g5 34. fxg5
Bxg5 35. Rd1 Rxd1+ 36. Bxd1 Ke7 37. Kf1 Nd6 38. Rb6 Kd7 39. Bf3 Nc4 40. Rb8
Nxa3 41. Rf8 Nc4 42. Rxf7+ Be7 43. Rxh7 a4 44. h4 a3 45. h5 Ne5 46. h6 Kd6 47.
Bh5 Bf6 48. Ra7 Nc4 49. Be2 Ne3+ 50. Kf2 Bd4 51. Kf3 Nc2 52. Nb5+ Bxb5 53. Bxb5
c4 54. e5+ Kd5 55. Rc7 Bc5 56. h7 Nd4+ 57. Kg4 a2 58. h8=Q a1=Q 59. Qd8+ Ke4
60. Qh4 Nf5 61. Bc6+ Kd3 62. Qh2 Qxe5 63. Rd7+ Bd4 64. Qg1 Ne3+ 65. Kh4 Qf6+
66. Kh5 Qf5+ 0-1

[Event "Wch Juvenil 2010 sub18"]
[Site "Porto Carras GRE"]
[Date "2010.10.24"]
[Round "6.8"]
[White "Durarbeyli, Vasif"]
[Black "Koohestani, Sh"]
[Result "1/2-1/2"]
[WhiteElo "2495"]
[BlackElo "2344"]
[PlyCount "142"]
[EventDate "2010.10.20"]
[EventType "swiss"]
[EventRounds "11"]
[EventCountry "GRE"]
[Source "lmi"]
[SourceDate "2010.10.20"]

1. e4 c5 2. Nf3 e6 3. d4 cxd4 4. Nxd4 a6 5. Bd3 Nf6 6. O-O Qc7 7. c4 d6 8. b3
g6 9. Bb2 Bg7 10. Kh1 Nbd7 11. Nd2 O-O 12. Qe2 Nh5 13. Qe3 Qb6 14. Be2 e5 15.
Nf5 gxf5 16. Bxh5 Qxe3 17. fxe3 Nf6 18. Bf3 Rb8 19. a4 Rd8 20. Rad1 Ng4 21.
Rde1 Bh6 22. Bxg4 fxg4 23. c5 Be6 24. cxd6 Bg7 25. Ba3 b5 26. axb5 axb5 27. Rc1
b4 28. Bb2 Rxd6 29. Nc4 Bxc4 30. bxc4 Rd2 31. Rb1 Rc8 32. Bc1 Rc2 33. Rxb4
R2xc4 34. Rxc4 Rxc4 35. Kg1 Rxe4 36. Kf2 f6 37. Kg3 Kf7 38. h3 h5 39. Bd2 Kg6
40. hxg4 hxg4 41. Rb1 Bh6 42. Kf2 Ra4 43. Rb2 Ra1 44. Rc2 Bg5 45. Bc1 Bh4+ 46.
Ke2 Kh5 47. Rc8 Bg5 48. Rh8+ Kg6 49. Rc8 Kf5 50. Rc4 Ra8 51. Bd2 Bh4 52. Rc7
Rh8 53. Rg7 Bg5 54. e4+ Kxe4 55. Bxg5 fxg5 56. Kf2 Rf8+ 57. Kg3 Kf5 58. Rb7 Rc8
59. Rf7+ Kg6 60. Rf1 Rc2 61. Rf8 e4 62. Rf1 Re2 63. Rf8 Rb2 64. Rf1 Rb6 65. Re1
Kf5 66. Rf1+ Ke5 67. Kxg4 Rg6 68. Rf8 Rg7 69. Re8+ Kd4 70. Kf5 e3 71. g4 Kd3
1/2-1/2

[Event "Wch Juvenil 2010 sub18"]
[Site "Porto Carras GRE"]
[Date "2010.10.24"]
[Round "6.9"]
[White "Yilmaz, Mustafa"]
[Black "Nuri, Kambez"]
[Result "1-0"]
[WhiteElo "2482"]
[BlackElo "2280"]
[PlyCount "65"]
[EventDate "2010.10.20"]
[EventType "swiss"]
[EventRounds "11"]
[EventCountry "GRE"]
[Source "lmi"]
[SourceDate "2010.10.20"]

1. e4 e5 2. Nf3 Nc6 3. Bc4 Bc5 4. Nc3 d6 5. Na4 Be6 6. Bb5 Bb6 7. O-O Nf6 8.
Nxb6 axb6 9. d4 Bd7 10. Re1 Nxd4 11. Nxd4 exd4 12. e5 O-O 13. exf6 Bxb5 14. Re7
Re8 15. Qg4 g6 16. Bg5 c5 17. Rae1 Rxe7 18. Rxe7 Rxa2 19. h3 Bc6 20. h4 Ra8 21.
Qe2 Qc8 22. Rxf7 Qf5 23. Rg7+ Kh8 24. Rxh7+ Kg8 25. Rg7+ Kh8 26. Rh7+ Kg8 27.
Re7 b5 28. f3 c4 29. Rg7+ Kh8 30. Rh7+ Kg8 31. Qe7 Ra1+ 32. Kh2 Qe5+ 33. Qxe5
1-0

[Event "Wch Juvenil 2010 sub18"]
[Site "Porto Carras GRE"]
[Date "2010.10.24"]
[Round "6.10"]
[White "Baron, Tal"]
[Black "Radusinovic, Lazar"]
[Result "1-0"]
[WhiteElo "2455"]
[BlackElo "2257"]
[PlyCount "77"]
[EventDate "2010.10.20"]
[EventType "swiss"]
[EventRounds "11"]
[EventCountry "GRE"]
[Source "lmi"]
[SourceDate "2010.10.20"]

1. e4 c5 2. Nf3 Nc6 3. d4 cxd4 4. Nxd4 e5 5. Nb5 d6 6. N1c3 a6 7. Na3 b5 8. Nd5
Nge7 9. c4 Nd4 10. cxb5 Nxd5 11. exd5 Be7 12. Bd3 O-O 13. O-O f5 14. bxa6 f4
15. Nc2 Nxc2 16. Qxc2 g6 17. a4 f3 18. gxf3 Bh3 19. Re1 Rc8 20. Qd1 Bg5 21. Kh1
Bxc1 22. Rxc1 Qg5 23. Bf1 Bxf1 24. Rxf1 Rxc1 25. Qxc1 Qh5 26. Qe3 Ra8 27. b4
Rxa6 28. Ra1 Ra8 29. a5 Qh4 30. Qd2 Qh3 31. Qe2 Qh4 32. b5 Qd4 33. Rd1 Qb4 34.
a6 Rb8 35. Ra1 Qc3 36. Qd1 Qc5 37. Qb3 Qd4 38. Ra2 e4 39. a7 1-0

[Event "Wch Juvenil 2010 sub18"]
[Site "Porto Carras GRE"]
[Date "2010.10.24"]
[Round "6.11"]
[White "Idani, Pouya"]
[Black "Terry, Renato"]
[Result "0-1"]
[WhiteElo "2278"]
[BlackElo "2434"]
[PlyCount "100"]
[EventDate "2010.10.20"]
[EventType "swiss"]
[EventRounds "11"]
[EventCountry "GRE"]
[Source "lmi"]
[SourceDate "2010.10.20"]

1. e4 e6 2. d4 d5 3. e5 c5 4. c3 Qb6 5. Nf3 Bd7 6. a3 Bb5 7. b4 cxd4 8. Bxb5+
Qxb5 9. cxd4 Nd7 10. Nc3 Qc6 11. Bd2 Nb6 12. b5 Qd7 13. O-O Ne7 14. Qb3 Nc4 15.
Ne2 Nf5 16. a4 Be7 17. Rad1 O-O 18. Bc1 Bd8 19. g4 Ne7 20. Ng3 Ng6 21. h4 Nxh4
22. Nxh4 Bxh4 23. Nh5 f5 24. Qh3 Qe7 25. Kh1 g6 26. g5 Bxg5 27. Rg1 f4 28. Rg4
gxh5 29. Qxh5 Rf5 30. Rdg1 Kh8 31. Rxg5 Raf8 32. Qh6 Rxg5 33. Rxg5 Rg8 34. Bxf4
Rxg5 35. Bxg5 Qf7 36. Kg2 Kg8 37. Bf6 Qg6+ 38. Qxg6+ hxg6 39. Bg5 Kf7 40. Kf3
a6 41. bxa6 bxa6 42. Ke2 Nb6 43. a5 Nc4 44. Bd2 g5 45. Bxg5 Nxa5 46. Kd3 Kg6
47. Bc1 Kh5 48. f3 Nc6 49. Bd2 a5 50. Kc3 Kh4 0-1

[Event "Wch Juvenil 2010 sub18"]
[Site "Porto Carras GRE"]
[Date "2010.10.24"]
[Round "6.12"]
[White "Iljiushenok, Ilia"]
[Black "De, Arco Luis Carlos"]
[Result "1-0"]
[WhiteElo "2412"]
[BlackElo "2218"]
[PlyCount "143"]
[EventDate "2010.10.20"]
[EventType "swiss"]
[EventRounds "11"]
[EventCountry "GRE"]
[Source "lmi"]
[SourceDate "2010.10.20"]

1. e4 c5 2. Nf3 g6 3. d4 cxd4 4. Nxd4 Nc6 5. c4 Nf6 6. Nc3 d6 7. Be2 Nxd4 8.
Qxd4 Bg7 9. Be3 O-O 10. Qd2 Be6 11. Rc1 Qa5 12. f3 Rfc8 13. b3 a6 14. Na4 Qxd2+
15. Kxd2 Nd7 16. g4 f5 17. exf5 gxf5 18. h3 Rf8 19. Nc3 f4 20. Bf2 Ne5 21. Rhd1
Kh8 22. Ke1 Bd7 23. Bd4 Bc6 24. Kf2 b5 25. c5 Rad8 26. b4 dxc5 27. Bxc5 Bf6 28.
Bb6 Rxd1 29. Rxd1 Nd7 30. Bd4 e5 31. Ba7 Rc8 32. Kg2 Nf8 33. Bc5 Ne6 34. Rd6
Nxc5 35. Rxf6 Nd7 36. Rd6 Nb6 37. h4 Rc7 38. g5 Nc8 39. Rd8+ Kg7 40. Bd3 Rd7
41. Rxd7+ Bxd7 42. Ne4 Be6 43. a3 Nb6 44. Nc5 Bc4 45. Be4 Bf7 46. Bb7 Nc4 47.
Bxa6 Nxa3 48. Nd3 Be8 49. Nxe5 Nc2 50. Nd3 h6 51. Nxf4 hxg5 52. hxg5 Nxb4 53.
Bb7 Bf7 54. Kg3 Na2 55. Kg4 b4 56. Nd3 b3 57. f4 Bc4 58. Nb2 Be2+ 59. Kf5 Nc3
60. Ke5 Bg4 61. f5 Bh5 62. Ba6 Bf7 63. Bd3 Na2 64. f6+ Kf8 65. g6 Be8 66. g7+
Kg8 67. Ke6 Nb4 68. Be4 Bf7+ 69. Kd6 Be8 70. Ke7 Bh5 71. Nd3 b2 72. Nxb4 1-0

[Event "Wch Juvenil 2010 sub18"]
[Site "Porto Carras GRE"]
[Date "2010.10.24"]
[Round "6.15"]
[White "Tomazini, Aljosa"]
[Black "Nitin, S."]
[Result "0-1"]
[WhiteElo "2255"]
[BlackElo "2413"]
[PlyCount "74"]
[EventDate "2010.10.20"]
[EventType "swiss"]
[EventRounds "11"]
[EventCountry "GRE"]
[Source "lmi"]
[SourceDate "2010.10.20"]

1. d4 Nf6 2. Nf3 g6 3. c4 Bg7 4. Nc3 O-O 5. e4 d6 6. h3 e5 7. d5 Nh5 8. g3 Qe8
9. Be2 f5 10. Nh4 f4 11. g4 f3 12. gxh5 fxe2 13. Qxe2 Qe7 14. Ng2 Nd7 15. hxg6
hxg6 16. Be3 a6 17. Qg4 Nc5 18. Qxg6 Nd3+ 19. Ke2 Nxb2 20. Bg5 Qf7 21. Qxf7+
Rxf7 22. Ne3 b5 23. Rab1 Nxc4 24. Nxc4 bxc4 25. Ke3 Bd7 26. f3 Raf8 27. Rbf1
Kh7 28. h4 Bg4 29. fxg4 Rxf1 30. Rxf1 Rxf1 31. Bd8 Rf7 32. Ne2 Bf6 33. Bxf6
Rxf6 34. Ng3 Rf4 35. Nh5 c3 36. Kd3 Rf3+ 37. Kc2 Kg6 0-1

[Event "Wch Juvenil 2010 sub18"]
[Site "Porto Carras GRE"]
[Date "2010.10.24"]
[Round "6.16"]
[White "Hesham, Abdelrahman"]
[Black "Jorczik, Julian"]
[Result "1-0"]
[WhiteElo "2248"]
[BlackElo "2398"]
[PlyCount "89"]
[EventDate "2010.10.20"]
[EventType "swiss"]
[EventRounds "11"]
[EventCountry "GRE"]
[Source "lmi"]
[SourceDate "2010.10.20"]

1. d4 Nf6 2. c4 e6 3. Nf3 d5 4. Nc3 Be7 5. e3 O-O 6. Qc2 Nbd7 7. cxd5 exd5 8.
Bd3 Re8 9. O-O c6 10. Rb1 a5 11. a3 Nf8 12. b4 axb4 13. axb4 Bd6 14. b5 Bg4 15.
bxc6 Bxf3 16. gxf3 bxc6 17. e4 c5 18. dxc5 Bxc5 19. Nxd5 Bd6 20. Bg5 Be7 21.
Nxe7+ Qxe7 22. Rb5 Ne6 23. Be3 Rec8 24. Qb2 Nc5 25. Qb4 Qd7 26. Rxc5 Qxd3 27.
Rfc1 Rxc5 28. Qxc5 h5 29. Kh1 Rd8 30. Qf5 Qe2 31. Kg2 h4 32. Qf4 h3+ 33. Kxh3
Nh5 34. Qf5 g6 35. Rg1 Rd1 36. Rg4 Qf1+ 37. Kh4 Qh1 38. h3 Ng7 39. Qf6 Nh5 40.
Qe5 Qxf3 41. Qxh5 Qf6+ 42. Qg5 Qh8+ 43. Kg3 Qa1 44. f3 Rd3 45. Bf2 1-0